Modelizar con principantes en la disciplina Contabilidad (Registro nro. 16851)
[ vista simple ]
| 000 -LEADER | |
|---|---|
| fixed length control field | 00358 a2200109 4500 |
| 001 - CONTROL NUMBER | |
| control field | ART_7317 |
| 005 - DATE AND TIME OF LATEST TRANSACTION | |
| control field | 20260410161720.0 |
| 008 - FIXED-LENGTH DATA ELEMENTS--GENERAL INFORMATION | |
| fixed length control field | 260409a |
| 100 1# - MAIN ENTRY--PERSONAL NAME | |
| Personal name | García Casella, Carlos Luis |
| 245 10 - TITLE STATEMENT | |
| Title | Modelizar con principantes en la disciplina Contabilidad |
| 773 0# - HOST ITEM ENTRY | |
| Title | Contabilidad y auditoría |
| Related parts | - Año 12, Nº 24 (dic. 2006) |
| Record control number | REV1723 |
No hay ítems disponibles.